| 000 | 00855nam a2200205Ia 4500 | ||
|---|---|---|---|
| 003 | OSt | ||
| 005 | 20221213101022.0 | ||
| 008 | 210310s1980 ck fr 000 0 spa d | ||
| 040 |
_aCO-JMCR _cCO-JMCR |
||
| 041 | 0 | _aspa | |
| 082 | 0 | 4 |
_223 _a346.066 / _bB517c |
| 100 | 1 |
_aBernal Gutiérrez, Rafael, _932875 _eautor |
|
| 245 | 1 | 0 |
_aCurso elemental de sociedades / _cRafael Bernal Gutiérrez |
| 260 |
_aBogotá : _bFuente Jurídica, _c1980 |
||
| 300 |
_aviii, 101 páginas ; _c22 cm |
||
| 505 | _aDel contrato de sociedades. Generalidades -- Sociedad colectiva -- Sociedad en comandita simple -- Alcances finales del art. 365 del Código de Comercio -- Limitadas anónimas ¿hasta dónde? -- Acciones con y sin voto | ||
| 650 | 1 | 4 |
_aCompañía _932877 _xLegislación _zColombia |
| 650 | 2 | 4 |
_aSociedades (derecho comercial) _zColombia _942499 |
| 942 |
_2ddc _cBK |
||
| 999 |
_c14154 _d14154 |
||